[Event "Caciulata"]
[Site "Calimanesti"]
[Date "1992.??.??"]
[Round "?"]
[White "Luce, Sebastien"]
[Black "Navrotescu , Catalin"]
[Result "1-0"]
[WhiteElo "2400"]
[BlackElo "2360"]
[PlyCount "79"]
[EventDate "1992.??.??"]

1. d4 d6 2. Nf3 Nf6 3. c4 g6 4. Nc3 Bg7 5. g3 O-O 6. Bg2 Nbd7 7. O-O e5 8. Qc2
c6 9. e4 exd4 10. Nxd4 Re8 11. b3 Nc5 12. Bb2 a5 13. Rab1 h5 14. h4 Qc7 15. a3
Bd7 16. b4 Ne6 17. Nf3 axb4 18. axb4 Ng4 19. Qb3 Qb6 20. Na4 Qa7 21. Ra1 Nxf2
22. Nc3 Qb6 23. Rxf2 Rxa1+ 24. Bxa1 Nc5 25. Na4 Nxb3 26. Nxb6 Bxa1 27. Nxd7
Rxe4 28. Kh2 Bc3 29. Ng5 Re7 30. Rf3 Bd4 31. Rxb3 Rxd7 32. Rd3 Be5 33. b5 cxb5
34. cxb5 Kg7 35. b6 Bf6 36. Bh3 Rd8 37. Ne4 Be5 38. Bg2 Ra8 39. Nxd6 Rd8 40.
Nf5+ 1-0

[Event "Caciulata"]
[Site "Calimanesti"]
[Date "1992.??.??"]
[Round "?"]
[White "Lupu, Mircea Sergiu"]
[Black "Navrotescu , Catalin"]
[Result "1/2-1/2"]
[WhiteElo "2415"]
[BlackElo "2360"]
[PlyCount "24"]
[EventDate "1992.??.??"]

1. e4 e6 2. d4 d5 3. exd5 exd5 4. Nf3 Nf6 5. Bd3 Bd6 6. O-O O-O 7. Bg5 Bg4 8.
Nbd2 Nbd7 9. c3 c6 10. Bh4 Bh5 11. Bg3 Bxg3 12. hxg3 Bg6 1/2-1/2

[Event "Caciulata"]
[Site "Calimanesti"]
[Date "1992.??.??"]
[Round "?"]
[White "Moldovan , Daniel"]
[Black "Navrotescu , Catalin"]
[Result "1-0"]
[WhiteElo "2450"]
[BlackElo "2360"]
[PlyCount "62"]
[EventDate "1992.??.??"]

1. e4 e6 2. d4 d5 3. Nc3 Bb4 4. e5 c5 5. a3 Bxc3+ 6. bxc3 Nc6 7. Qg4 g6 8. a4
f5 9. Qf4 Qa5 10. Bd2 c4 11. h4 h6 12. g4 Nge7 13. Bh3 Bd7 14. gxf5 Nxf5 15.
Bxf5 gxf5 16. Ne2 O-O-O 17. f3 Rdg8 18. Kf2 Nd8 19. Bc1 Bxa4 20. Ba3 Qb5 21.
Be7 Bxc2 22. Bf6 Rh7 23. Qd2 Bd3 24. Nf4 Nc6 25. Nxe6 Na5 26. Rag1 Re8 27. Rg7
Nb3 28. Qa2 Rxe6 29. Rxh7 Ra6 30. Qb2 Nxd4 31. Qxb5 Nxb5 1-0

[Event "Caciulata"]
[Site "Calimanesti"]
[Date "1992.??.??"]
[Round "?"]
[White "Navrotescu , Catalin"]
[Black "Ghitescu, Theodor"]
[Result "1/2-1/2"]
[WhiteElo "2360"]
[BlackElo "2435"]
[PlyCount "84"]
[EventDate "1992.??.??"]

1. Nf3 Nf6 2. g3 g6 3. Bg2 Bg7 4. O-O O-O 5. d4 d6 6. c4 Nc6 7. Nc3 Bg4 8. h3
Bxf3 9. Bxf3 Nd7 10. e3 e5 11. d5 Ne7 12. Bg2 f5 13. Qc2 a5 14. b3 Nc5 15. Bb2
g5 16. f4 Ng6 17. Ne2 Qe7 18. e4 exf4 19. Bxg7 Qxg7 20. exf5 Ne5 21. gxf4 gxf4
22. Kh1 f3 23. Bxf3 Nxf3 24. Rg1 Nxg1 25. Rxg1 Qxg1+ 26. Kxg1 Rae8 27. Nd4 Re5
28. Kh2 Rf7 29. Qd2 b6 30. a3 Rexf5 31. Nxf5 Rxf5 32. Qe3 Re5 33. Qf3 Re7 34.
Qg4+ Kf7 35. Qf5+ Kg7 36. Qg4+ Kf7 37. h4 Ne4 38. Qf3+ Nf6 39. Kg3 Re5 40. Kh3
Kg7 41. Qd3 Kf7 42. Kg3 Kg7 1/2-1/2

[Event "Caciulata"]
[Site "Calimanesti"]
[Date "1992.??.??"]
[Round "?"]
[White "Navrotescu , Catalin"]
[Black "Istratescu, Andrei"]
[Result "1/2-1/2"]
[WhiteElo "2360"]
[BlackElo "2430"]
[PlyCount "24"]
[EventDate "1992.??.??"]

1. Nf3 d5 2. c4 c6 3. e3 Nf6 4. b3 g6 5. Bb2 Bg7 6. Be2 O-O 7. O-O Bg4 8. d4
Nbd7 9. Nbd2 e6 10. h3 Bxf3 11. Nxf3 Ne4 12. Rc1 f5 1/2-1/2

[Event "Caciulata"]
[Site "Calimanesti"]
[Date "1992.??.??"]
[Round "?"]
[White "Navrotescu , Catalin"]
[Black "Maksimenko , Andrei (UKR)"]
[Result "1-0"]
[WhiteElo "2360"]
[BlackElo "2455"]
[PlyCount "103"]
[EventDate "1992.??.??"]

1. d4 Nf6 2. Nf3 d5 3. c4 e6 4. Nc3 c6 5. e3 Nbd7 6. Qc2 Bd6 7. Be2 O-O 8. O-O
Re8 9. Rd1 Qe7 10. h3 a6 11. e4 Nxe4 12. Nxe4 dxe4 13. Qxe4 e5 14. dxe5 Nxe5
15. Be3 Nxf3+ 16. Bxf3 Qxe4 17. Bxe4 Be5 18. Rab1 f5 19. Bf3 Be6 20. b3 Kf7 21.
Bb6 a5 22. a4 Ra6 23. c5 Bc3 24. Rbc1 Bb4 25. Be2 Raa8 26. Bc4 Bxc4 27. Rxc4
Re5 28. g4 Rae8 29. Kg2 g6 30. Kf3 fxg4+ 31. hxg4 Kg7 32. Rf4 R8e7 33. g5 Bxc5
34. Bd8 Bb4 35. Bxe7 Rxe7 36. Rd8 Rc7 37. Kg4 Be7 38. Ra8 Bb4 39. Re4 Rf7 40.
f4 h6 41. Ree8 Bc3 42. Rh8 hxg5 43. Rag8+ Kf6 44. fxg5+ Ke5 45. Rxg6 Rf4+ 46.
Kh5 Rb4 47. Re8+ Kd5 48. Rge6 Rxb3 49. Re3 c5 50. Rd8+ Kc4 51. Rdd3 Kb4 52. g6
1-0

[Event "Caciulata"]
[Site "Calimanesti"]
[Date "1992.??.??"]
[Round "?"]
[White "Navrotescu , Catalin"]
[Black "Marin , Mihail"]
[Result "1/2-1/2"]
[WhiteElo "2360"]
[BlackElo "2525"]
[PlyCount "33"]
[EventDate "1992.??.??"]

1. d4 Nf6 2. g3 d5 3. Bg2 c6 4. Nf3 Bf5 5. O-O h6 6. c4 e6 7. b3 Nbd7 8. Bb2
Be7 9. Nc3 O-O 10. Nd2 Qa5 11. a3 Rfd8 12. b4 Qc7 13. Qb3 a5 14. Rac1 axb4 15.
axb4 Qd6 16. c5 Qc7 17. b5 1/2-1/2

[Event "Calimanesti"]
[Site "?"]
[Date "1992.??.??"]
[Round "?"]
[White "Timoshenko, Georgy"]
[Black "Navrotescu , Catalin"]
[Result "1-0"]
[WhiteElo "2515"]
[BlackElo "2560"]
[PlyCount "45"]
[EventDate "1992.??.??"]

{55/(287)} 1. e4 e6 2. d4 d5 3. Nc3 Nf6 4. Bg5 dxe4 5. Nxe4 Be7 6. Bxf6 gxf6 7.
Nf3 f5 8. Nc3 Bf6 9. Qd2 O-O 10. O-O-O c5 11. d5 e5 12. h4 Bg7 13. Kb1 a6 14.
d6 (14. h5 {- 53/(272)}) 14... b6 $2 (14... Be6 15. Nd5 $1 Nc6 16. Nc7 Rb8 (
16... Rc8 17. Nxe6 fxe6 18. d7 Rc7 19. Qd6 Nd4 20. Bc4 $1 $18) 17. Nxe6 fxe6
18. d7 $1 (18. Bc4 Qd7) 18... Nd4 $1 (18... Qe7 19. Qd6) 19. c3 Qxd7 $5 20.
cxd4 exd4 21. Re1 Qd5 22. Qe2 Rfe8 23. Ne5 (23. Qc4 Qd6 24. Ng5 b5 $1 {/\} 25.
Rxe6 $2 bxc4 26. Rxd6 Re1+ 27. Kc2 d3+ 28. Kd2 Rb1 $17) 23... b5 24. f4 $14 {
Timoshenko,G}) 15. Nxe5 Bxe5 16. Qd5 Bxc3 17. Qxa8 Bxb2 18. Kxb2 (18. Qxb8 $2
Bg7 $44) 18... Qf6+ 19. c3 Be6 20. Qf3 $18 Nd7 21. Bxa6 c4 22. Rd4 Kh8 23. Rhd1
1-0

[Event "Manila olm"]
[Site "?"]
[Date "1992.??.??"]
[Round "?"]
[White "Gloria, E."]
[Black "Navrotescu , Catalin"]
[Result "1-0"]
[WhiteElo "2235"]
[BlackElo "2360"]
[PlyCount "81"]
[EventDate "1992.??.??"]

1. d4 Nf6 2. c4 g6 3. Nc3 Bg7 4. e4 d6 5. f4 O-O 6. Nf3 Na6 7. Be2 e5 8. fxe5
dxe5 9. d5 c6 10. Bg5 h6 11. Bh4 Qb6 12. Qd2 Nc5 13. Bxf6 Bxf6 14. Qxh6 Qxb2
15. Rc1 Bg7 16. Qe3 Nd7 17. Rb1 Qa3 18. Nd2 Qc5 19. Qxc5 Nxc5 20. Nb3 Nxb3 21.
Rxb3 Rd8 22. h4 cxd5 23. cxd5 b6 24. h5 Bd7 25. hxg6 fxg6 26. Ba6 Bf8 27. Rf1
Kg7 28. Kd2 Be7 29. Kd3 Rh8 30. Bb5 Rad8 31. Rb2 Bc5 32. Bxd7 Rxd7 33. Rc2 Rh2
34. Rf3 Rh1 35. Na4 Bd6 36. Rc6 Rd1+ 37. Kc2 Rd4 38. Nc3 Be7 39. Rd3 Bc5 40.
Rg3 Bd6 41. Nb5 1-0

[Event "Manila olm"]
[Site "?"]
[Date "1992.??.??"]
[Round "?"]
[White "Navrotescu , Catalin"]
[Black "Manninen, M."]
[Result "0-1"]
[WhiteElo "2360"]
[BlackElo "2450"]
[PlyCount "136"]
[EventDate "1992.??.??"]

1. d4 Nf6 2. c4 g6 3. g3 Bg7 4. Bg2 O-O 5. Nf3 d6 6. O-O c5 7. Nc3 Nc6 8. d5
Na5 9. Nd2 a6 10. Qc2 Rb8 11. b3 b5 12. Bb2 Bh6 13. f4 bxc4 14. bxc4 e5 15.
Rae1 Nh5 16. e3 Bg7 17. Nd1 Bf5 18. e4 Bg4 19. f5 Bxd1 20. Rxd1 Bh6 21. Bc3
Be3+ 22. Kh1 Bd4 23. Rf3 Kg7 24. Rdf1 Nf6 25. fxg6 fxg6 26. Bh3 Qb6 27. Be6 h6
28. Kg2 Bxc3 29. Qxc3 Qb4 30. R1f2 Qxc3 31. Rxc3 Rb2 32. Ra3 Rxd2 33. Rxa5
Rxf2+ 34. Kxf2 Nxd5+ 35. Ke1 Nc7 36. Bg4 Rb8 37. Ra3 Rb1+ 38. Bd1 Rc1 39. Rd3
Rxc4 40. Rxd6 Rxe4+ 41. Kf2 Rd4 42. Rc6 Rxd1 43. Rxc7+ Kf6 44. Rc6+ Kf5 45. Ke3
Re1+ 46. Kf3 e4+ 47. Kf2 Rc1 48. Rxa6 Rc2+ 49. Ke3 Rxh2 50. Rc6 Rc2 51. a4 Rc3+
52. Kf2 Rf3+ 53. Kg2 Ra3 54. Rxc5+ Kg4 55. Rc6 Rxg3+ 56. Kf2 Rf3+ 57. Ke2 Kf5
58. Rc5+ Kf4 59. Rc6 Rg3 60. a5 h5 61. a6 g5 62. Rf6+ Kg4 63. Rf8 Ra3 64. Ra8
h4 65. a7 h3 66. Kf2 h2 67. Rh8 Ra2+ 68. Ke3 Kg3 0-1

[Event "ROM-ch"]
[Site "?"]
[Date "1992.??.??"]
[Round "?"]
[White "Dumitrache, Dragos Nicolae"]
[Black "Navrotescu , Catalin"]
[Result "1/2-1/2"]
[WhiteElo "2400"]
[BlackElo "2470"]
[PlyCount "21"]
[EventDate "1992.??.??"]

1. d4 d5 2. c4 c6 3. cxd5 cxd5 4. Nf3 Nf6 5. Nc3 Nc6 6. Bf4 Bf5 7. e3 e6 8. Bb5
Nd7 9. O-O Be7 10. Bxc6 bxc6 11. Rc1 1/2-1/2

[Event "ROM-ch"]
[Site "?"]
[Date "1992.??.??"]
[Round "1"]
[White "Navrotescu , Catalin"]
[Black "Zetocha, Claudiu"]
[Result "1/2-1/2"]
[WhiteElo "2470"]
[BlackElo "2320"]
[PlyCount "86"]
[EventDate "1992.??.??"]
[Source "ChessBase"]
[SourceDate "1997.11.17"]

1. Nf3 c5 2. g3 b6 3. Bg2 Bb7 4. O-O Nf6 5. c4 e6 6. Nc3 d6 7. Re1 a6 8. e4 Be7
9. d4 cxd4 10. Nxd4 Qc7 11. Be3 O-O 12. Rc1 Nbd7 13. f4 Rac8 14. g4 Nc5 15. Bf2
g6 16. f5 exf5 17. Nd5 Bxd5 18. cxd5 Nxg4 19. Bg3 Qd7 20. exf5 Ne5 21. Rc3 Bf6
22. Rf1 Kg7 23. fxg6 hxg6 24. Bh3 Qxh3 25. Bxe5 Qxf1+ 26. Kxf1 Bxe5 27. b4 Ne4
28. Rxc8 Rxc8 29. Nc6 Bf6 30. Qd3 Nc3 31. Qxa6 Rh8 32. Kg2 b5 33. Na7 Be5 34.
h3 Nxd5 35. Qxb5 Nf4+ 36. Kf2 Bd4+ 37. Kf3 Ne6 38. Nc6 Rxh3+ 39. Kg4 Rh5 40.
Qb7 Rg5+ 41. Kf3 Rf5+ 42. Ke2 Rf2+ 43. Kd3 Bf6 1/2-1/2

[Event "ROM-ch"]
[Site "?"]
[Date "1992.??.??"]
[Round "4"]
[White "Navrotescu , Catalin"]
[Black "Cosma, Ioan"]
[Result "1/2-1/2"]
[WhiteElo "2470"]
[BlackElo "2400"]
[PlyCount "80"]
[EventDate "1992.??.??"]
[Source "ChessBase"]
[SourceDate "1997.11.17"]

1. d4 Nf6 2. Nf3 e6 3. c4 b6 4. g3 Bb7 5. Bg2 Be7 6. O-O O-O 7. Nc3 Ne4 8. Bd2
f5 9. Rc1 d6 10. Ne1 Nxc3 11. Bxc3 Bxg2 12. Nxg2 Bg5 13. Rc2 Nd7 14. Qd3 Qe7
15. f4 Bh6 16. e4 g6 17. Re2 Qf7 18. Rfe1 Rfe8 19. exf5 exf5 20. d5 Bg7 21.
Bxg7 Kxg7 22. Nh4 Rxe2 23. Rxe2 Re8 24. Nf3 Rxe2 25. Qxe2 h6 26. Nd4 Nc5 27. b4
Ne4 28. Kg2 Kh7 29. b5 Nc5 30. Nc6 a5 31. bxa6 Nxa6 32. Nd8 Qd7 33. Ne6 Qf7 34.
Nd8 Qd7 35. Ne6 Qf7 36. Qb2 Qe7 37. Qe2 Kg8 38. Qb2 h5 39. Qc2 Nc5 40. Nxc5
dxc5 1/2-1/2

[Event "ROM-ch"]
[Site "?"]
[Date "1992.??.??"]
[Round "5"]
[White "Milu, Romeo Sorin"]
[Black "Navrotescu , Catalin"]
[Result "1/2-1/2"]
[WhiteElo "2420"]
[BlackElo "2470"]
[PlyCount "60"]
[EventDate "1992.??.??"]
[Source "ChessBase"]
[SourceDate "1997.11.17"]

1. e4 e6 2. d4 d5 3. Nc3 Bb4 4. e5 Qd7 5. a3 Bf8 6. f4 b6 7. Nf3 Ne7 8. Be3 Nf5
9. Bf2 h5 10. Bb5 c6 11. Ba4 Ba6 12. Ne2 Bb5 13. Bxb5 cxb5 14. b3 Nc6 15. O-O
Be7 16. Qd3 Rc8 17. Rfc1 g6 18. c3 Kf8 19. g3 Kg7 20. h3 Na5 21. Rcb1 Rh7 22.
Kg2 Rch8 23. Be1 Nc6 24. Bf2 Na5 25. Qd2 Qd8 26. a4 Qd7 27. axb5 Qxb5 28. Qd1
Rg8 29. Ra4 Rc8 30. Ra2 Rhh8 1/2-1/2

[Event "ROM-ch"]
[Site "?"]
[Date "1992.??.??"]
[Round "6"]
[White "Navrotescu , Catalin"]
[Black "Tomescu, Vlad"]
[Result "0-1"]
[WhiteElo "2470"]
[BlackElo "2360"]
[PlyCount "90"]
[EventDate "1992.??.??"]
[Source "ChessBase"]
[SourceDate "1997.11.17"]

1. Nf3 Nc6 2. c4 e5 3. Nc3 g6 4. d4 exd4 5. Nxd4 Bg7 6. e3 Nxd4 7. exd4 Ne7 8.
d5 O-O 9. Bd3 d6 10. O-O Bd7 11. Be3 Nf5 12. Bxf5 Bxf5 13. Bd4 Qh4 14. f4 Bxd4+
15. Qxd4 Rfe8 16. g3 Qh3 17. Rae1 a6 18. Re3 Rxe3 19. Qxe3 Qh6 20. Re1 Qg7 21.
c5 dxc5 22. Qxc5 Rc8 23. Re5 Qf8 24. Qd4 Rd8 25. Kg2 h5 26. h3 f6 27. Re2 Rd7
28. Qe3 Kf7 29. Qf3 Re7 30. g4 hxg4 31. hxg4 Rxe2+ 32. Nxe2 Bd7 33. f5 Qb4 34.
fxg6+ Kxg6 35. Kg3 Qxb2 36. Nf4+ Kf7 37. Qd3 Qe5 38. Qh7+ Ke8 39. Kf3 Qg5 40.
Qh3 Ke7 41. Kg3 Kd6 42. Qh8 Qe5 43. Qf8+ Qe7 44. Qxe7+ Kxe7 45. Nh5 Bb5 0-1

[Event "ROM-ch"]
[Site "?"]
[Date "1992.??.??"]
[Round "7"]
[White "Ionescu, Constantin"]
[Black "Navrotescu , Catalin"]
[Result "1/2-1/2"]
[WhiteElo "2480"]
[BlackElo "2470"]
[PlyCount "110"]
[EventDate "1992.??.??"]
[Source "ChessBase"]
[SourceDate "1997.11.17"]

1. d4 d5 2. c4 Bf5 3. Nc3 e6 4. Nf3 c6 5. Bg5 Be7 6. Bxe7 Qxe7 7. e3 Nd7 8. Qb3
Rb8 9. Be2 Ngf6 10. O-O O-O 11. Rac1 Rfe8 12. Rfd1 h6 13. h3 Bh7 14. Nd2 Bg6
15. Bf3 b5 16. cxd5 cxd5 17. Be2 a6 18. Nf3 Qd6 19. a3 Rec8 20. Na2 Ne8 21. Qb4
Bc2 22. Re1 Be4 23. Nd2 Bg6 24. Nb3 Nb6 25. Rxc8 Rxc8 26. Nc5 Nd7 27. Rc1 Nef6
28. Nxd7 Qxd7 29. Rxc8+ Qxc8 30. Qc5 Qb7 31. Nb4 Ne4 32. Qc6 Qxc6 33. Nxc6 Nd6
34. Nb4 a5 35. Nc6 a4 36. Na7 Nc4 37. Nxb5 Nxb2 38. Nc3 Bc2 39. Bb5 Bb3 40. f3
Kf8 41. Kf2 Ke7 42. h4 f6 43. Ke1 g5 44. hxg5 fxg5 45. g4 Kd6 46. Kd2 e5 47.
Kc1 exd4 48. exd4 Nc4 49. Bxc4 Bxc4 50. Kd2 Bb3 51. Ke3 Kc6 52. f4 Kd6 53. fxg5
hxg5 54. Kd3 Kc6 55. Kd2 Kb6 1/2-1/2

[Event "ROM-ch"]
[Site "?"]
[Date "1992.??.??"]
[Round "8"]
[White "Navrotescu , Catalin"]
[Black "Marasescu, Ioan"]
[Result "1/2-1/2"]
[WhiteElo "2470"]
[BlackElo "2350"]
[PlyCount "60"]
[EventDate "1992.??.??"]
[Source "ChessBase"]
[SourceDate "1997.11.17"]

1. d4 f5 2. g3 Nf6 3. Bg2 g6 4. c4 Bg7 5. Nc3 c6 6. d5 d6 7. Nh3 O-O 8. Nf4 Qe8
9. O-O e5 10. dxe6 Bxe6 11. b3 Qe7 12. Ba3 Rd8 13. Nxe6 Qxe6 14. Qc2 Na6 15.
Rad1 Nc5 16. Bxc5 dxc5 17. Rd2 Rxd2 18. Qxd2 Re8 19. Rd1 Qe5 20. e3 Re7 21. Qc2
Rd7 22. Rxd7 Nxd7 23. Qd2 Nf8 24. Na4 Bf6 25. Qa5 Qa1+ 26. Bf1 Qxa2 27. Qxa7
Bc3 28. Qxc5 Be1 29. e4 Qxb3 30. Qe3 Qxe3 1/2-1/2

[Event "ROM-ch"]
[Site "?"]
[Date "1992.??.??"]
[Round "9"]
[White "Nisipeanu, Liviu Dieter"]
[Black "Navrotescu , Catalin"]
[Result "0-1"]
[WhiteElo "2325"]
[BlackElo "2470"]
[PlyCount "96"]
[EventDate "1992.??.??"]
[Source "ChessBase"]
[SourceDate "1997.11.17"]

1. e4 e6 2. d4 d5 3. exd5 exd5 4. Nf3 Nc6 5. Bd3 Bg4 6. c3 Bd6 7. O-O Nge7 8.
Nbd2 Qd7 9. Qa4 O-O 10. b4 Nxd4 11. Qxd7 Nxf3+ 12. Nxf3 Bxd7 13. c4 dxc4 14.
Bxc4 Bxb4 15. Rb1 Nc6 16. Bd5 Rab8 17. Bxc6 bxc6 18. Be3 a5 19. Ne5 Rbd8 20.
Rbd1 Bd6 21. Nc4 Be6 22. Nxa5 Ra8 23. Nb7 Bc4 24. Rfe1 Bb4 25. Bd2 Bxd2 26.
Rxd2 Rfb8 27. Nc5 Rxa2 28. Rxa2 Bxa2 29. Na6 Rb1 30. Rxb1 Bxb1 31. f3 Kf8 32.
Kf2 Ke7 33. Ke3 Kd6 34. Kd4 Ba2 35. f4 Ke6 36. g3 Kf5 37. Ke3 Kg4 38. Kf2 Kh3
39. Kg1 h5 40. Nb4 Bb1 41. Nxc6 h4 42. gxh4 Kxh4 43. Ne5 f6 44. Nf3+ Kg4 45.
Nd4 Bf5 46. Nb5 c5 47. Nd6 Kxf4 48. Ne8 Bd7 0-1

[Event "ROM-ch"]
[Site "?"]
[Date "1992.??.??"]
[Round "10"]
[White "Navrotescu , Catalin"]
[Black "Ardeleanu, Alin"]
[Result "0-1"]
[WhiteElo "2470"]
[BlackElo "2335"]
[PlyCount "82"]
[EventDate "1992.??.??"]
[Source "ChessBase"]
[SourceDate "1997.11.17"]

1. d4 Nf6 2. c4 g6 3. g3 Bg7 4. Bg2 O-O 5. Nc3 d6 6. Nf3 Nc6 7. O-O a6 8. d5
Na5 9. Nd2 c5 10. Qc2 Rb8 11. b3 b5 12. Bb2 Bh6 13. f4 bxc4 14. bxc4 e5 15.
Rac1 exf4 16. gxf4 Nh5 17. e3 Re8 18. Nce4 Bf5 19. Bc3 Bxe4 20. Bxe4 Bg7 21.
Bxg7 Nxg7 22. Qc3 Nb7 23. Rb1 Qa5 24. Qxa5 Nxa5 25. Kf2 Nh5 26. Bc2 Nf6 27. Kf3
Rec8 28. Ke2 Rb4 29. a3 Rxc4 30. Nxc4 Nxc4 31. Rb3 Nxd5 32. Rd1 Nc7 33. Bd3 Na5
34. Rc3 Nd5 35. Rcc1 Nb3 36. Rc4 Re8 37. Be4 Nb6 38. Rc3 Na5 39. Bc2 Nbc4 40.
Bb3 Nxa3 41. Rxd6 Nb5 0-1

[Event "ROM-ch"]
[Site "?"]
[Date "1992.??.??"]
[Round "11"]
[White "Istratescu, Andrei"]
[Black "Navrotescu , Catalin"]
[Result "1-0"]
[WhiteElo "2450"]
[BlackElo "2470"]
[PlyCount "53"]
[EventDate "1992.??.??"]
[Source "ChessBase"]
[SourceDate "1997.11.17"]

1. e4 e6 2. d4 d5 3. Nd2 c5 4. Ngf3 cxd4 5. exd5 Qxd5 6. Bc4 Qd6 7. O-O Nf6 8.
Nb3 Nc6 9. Nbxd4 Nxd4 10. Qxd4 Bd7 11. Bf4 Qxd4 12. Nxd4 Rc8 13. Be2 Bc5 14.
Nb3 Be7 15. c4 O-O 16. Be3 b6 17. a4 e5 18. h3 Be6 19. Rfc1 Rfd8 20. a5 b5 21.
a6 bxc4 22. Na5 Rd7 23. Bxc4 Bxc4 24. Rxc4 Rxc4 25. Nxc4 e4 26. Ne5 Rc7 27.
Bxa7 1-0

[Event "ROM-ch"]
[Site "?"]
[Date "1992.??.??"]
[Round "12"]
[White "Navrotescu , Catalin"]
[Black "Bogdan , Dan"]
[Result "1/2-1/2"]
[WhiteElo "2470"]
[BlackElo "2280"]
[PlyCount "153"]
[EventDate "1992.??.??"]
[Source "ChessBase"]
[SourceDate "1997.11.17"]

1. d4 Nf6 2. c4 g6 3. Nc3 Bg7 4. e4 O-O 5. Nge2 d6 6. Ng3 e5 7. d5 c6 8. Be2
Na6 9. h4 h5 10. Bg5 Qb6 11. Qd2 cxd5 12. Bxf6 Bxf6 13. Nxd5 Qd8 14. Bxh5 Bg7
15. Be2 f5 16. exf5 gxf5 17. h5 e4 18. h6 Be5 19. Nh5 Kh7 20. f4 exf3 21. gxf3
Nc5 22. O-O-O Be6 23. f4 Bh8 24. Ng7 Bd7 25. Bh5 Ne4 26. Qg2 Rf6 27. Rdg1 Rc8
28. Nxf6+ Qxf6 29. Qg6+ Qxg6 30. Bxg6+ Kg8 31. Nxf5 Rxc4+ 32. Kb1 Nd2+ 33. Ka1
Kf8 34. Ng7 Rxf4 35. Rd1 Rf2 36. a3 Ke7 37. Rhe1+ Kf6 38. Be8 Bg4 39. Rxd2 Rxd2
40. Rg1 Rd1+ 41. Rxd1 Bxd1 42. Kb1 Kg5 43. Bd7 Bf3 44. Kc1 Be4 45. Kd2 d5 46.
b4 Kxh6 47. Nf5+ Kg5 48. Nd6 Kf4 49. Nxe4 dxe4 50. Ke2 Bb2 51. a4 Bc3 52. Bc8
b6 53. b5 Ke5 54. Ke3 Bb4 55. Bb7 Bc5+ 56. Ke2 Kd4 57. Bc6 e3 58. Be8 Kc4 59.
Bg6 Kb3 60. Bd3 Kxa4 61. Kf3 a5 62. bxa6 b5 63. Ke4 b4 64. Kf3 b3 65. Ke2 Ka3
66. Kd1 Kb2 67. Bc4 Ba7 68. Bg8 Kc3 69. Bf7 Bb6 70. Bg8 Kb2 71. Bf7 Ka3 72. Bg6
Ka2 73. Bf7 Ka3 74. Bg6 Bd4 75. Bh7 Kb2 76. Bg8 Kc3 77. Bh7 1/2-1/2

[Event "ROM-ch"]
[Site "?"]
[Date "1992.??.??"]
[Round "13"]
[White "Lupu, Mircea Sergiu"]
[Black "Navrotescu , Catalin"]
[Result "1/2-1/2"]
[WhiteElo "2435"]
[BlackElo "2470"]
[PlyCount "85"]
[EventDate "1992.??.??"]
[Source "ChessBase"]
[SourceDate "1997.11.17"]

1. e4 e5 2. Nf3 Nc6 3. d4 exd4 4. Nxd4 Bc5 5. Be3 Qf6 6. c3 Nge7 7. Qd2 O-O 8.
Nb5 Bxe3 9. Qxe3 Qe5 10. Nd2 d5 11. Qg3 dxe4 12. Qxe5 Nxe5 13. Nxc7 Rb8 14.
Nxe4 Bd7 15. Nb5 Bc6 16. Ng3 f5 17. f4 Ng4 18. Nd4 Ng6 19. Ngxf5 Rbe8+ 20. Kd2
Nxf4 21. Bc4+ Kh8 22. Rhf1 Nxg2 23. Nd6 Ne5 24. Bb3 Rd8 25. Nf7+ Nxf7 26. Bxf7
Nh4 27. Bh5 Bf3 28. Bxf3 Nxf3+ 29. Kd3 Nxh2 30. Rxf8+ Rxf8 31. Re1 Nf3 32. Re7
g5 33. Ne6 Rg8 34. Rxb7 g4 35. Nf4 g3 36. Ng2 Re8 37. Rb4 Ne5+ 38. Ke3 h5 39.
Rb5 a6 40. Rd5 Nc4+ 41. Kf4 Nxb2 42. Kxg3 Rc8 43. Rxh5+ 1/2-1/2

[Event "ROM-chT"]
[Site "?"]
[Date "1992.??.??"]
[Round "?"]
[White "Navrotescu , Catalin"]
[Black "Cosma, Ioan"]
[Result "1/2-1/2"]
[WhiteElo "2360"]
[BlackElo "2375"]
[PlyCount "111"]
[EventDate "1992.??.??"]

1. d4 Nf6 2. Nf3 e6 3. e3 c5 4. Bd3 b6 5. O-O Bb7 6. Nbd2 Be7 7. b3 O-O 8. Bb2
Nc6 9. a3 Rc8 10. Qe2 d6 11. c4 Re8 12. Rfd1 cxd4 13. exd4 d5 14. Rac1 Bf8 15.
Bb1 Ba6 16. Qe3 g6 17. Ne5 Bb7 18. f4 Bg7 19. Ndf3 Re7 20. c5 Ne4 21. b4 f6 22.
Nd3 Ba6 23. Nf2 f5 24. Bd3 Bxd3 25. Nxd3 b5 26. Bc3 h6 27. Be1 g5 28. Bg3 Bf6
29. fxg5 hxg5 30. Be5 Rh7 31. Nf2 Be7 32. Nxe4 dxe4 33. d5 exd5 34. Qb3 Qe8 35.
Qxd5+ Qf7 36. Ne1 Qxd5 37. Rxd5 Nxe5 38. Rxe5 Rf7 39. g4 fxg4 40. Rxe4 Rcf8 41.
Ng2 a5 42. Ne3 Bd8 43. Nxg4 Rf3 44. Ne5 Re8 45. Rce1 Rxa3 46. Nc6 Rxe4 47. Rxe4
Bf6 48. Nxa5 Kf7 49. Kg2 Ra2+ 50. Kg3 Bd8 51. Nc6 Bc7+ 52. Kg4 Kf6 53. Nd4 Be5
54. c6 Rg2+ 55. Kf3 Rxh2 56. Nxb5 1/2-1/2

[Event "ROM-chT"]
[Site "?"]
[Date "1992.??.??"]
[Round "?"]
[White "Navrotescu , Catalin"]
[Black "Ionescu, Constantin"]
[Result "1/2-1/2"]
[WhiteElo "2360"]
[BlackElo "2465"]
[PlyCount "38"]
[EventDate "1992.??.??"]

1. e4 c5 2. Nf3 a6 3. c3 e6 4. d4 d5 5. e5 Bd7 6. Bd3 cxd4 7. cxd4 Bb5 8. Bxb5+
axb5 9. O-O Nc6 10. Nc3 b4 11. Ne2 Nge7 12. b3 Nf5 13. Bg5 Be7 14. Bxe7 Qxe7
15. Qd3 O-O 16. Ng3 Nh4 17. Ne1 f6 18. exf6 Qxf6 19. Nc2 Ra5 1/2-1/2

[Event "ROM-chT"]
[Site "?"]
[Date "1992.??.??"]
[Round "?"]
[White "Navrotescu , Catalin"]
[Black "Itkis, Boris"]
[Result "1-0"]
[WhiteElo "2360"]
[BlackElo "2355"]
[PlyCount "119"]
[EventDate "1992.??.??"]

1. Nf3 Nf6 2. g3 d5 3. Bg2 c6 4. c4 Bf5 5. Qb3 Qc8 6. cxd5 cxd5 7. Nc3 e6 8. d3
Nc6 9. O-O Be7 10. Bf4 O-O 11. Rac1 Qd7 12. Ne5 Nxe5 13. Bxe5 Rfc8 14. e4 dxe4
15. dxe4 Bg6 16. Rcd1 Qc6 17. Bxf6 gxf6 18. f4 Bh5 19. Rde1 Rd8 20. h3 Rd2 21.
g4 Bg6 22. f5 exf5 23. gxf5 Bh5 24. Nd5 Bc5+ 25. Kh1 Be2 26. Rf4 Qd6 27. Qc3
Rxd5 28. Qg3+ Kh8 29. exd5 Rg8 30. Qh4 Bd3 31. Qh6 Bb6 32. Rg4 Qd8 33. Rxg8+
Kxg8 34. Qf4 Bc7 35. Qg4+ Kf8 36. Qb4+ Bd6 37. Qh4 Bxf5 38. Be4 Bg6 39. Bxg6
fxg6 40. Qxh7 Be7 41. Rd1 Qd7 42. Qh6+ Kf7 43. Qe3 Bd6 44. Kg2 Qf5 45. Qe2 Qf4
46. Kh1 Kg7 47. a3 a5 48. Rd3 Be5 49. Rb3 Qc1+ 50. Kg2 Qg5+ 51. Kf2 Qf5+ 52.
Qf3 Bd4+ 53. Ke1 Qb1+ 54. Qd1 Qe4+ 55. Kd2 Qxd5 56. Kc2 a4 57. Rd3 Qe4 58. Qf3
Qe5 59. Qxb7+ Kh6 60. Qb4 1-0

[Event "ROM-chT"]
[Site "?"]
[Date "1992.??.??"]
[Round "?"]
[White "Urzica, Aurel"]
[Black "Navrotescu , Catalin"]
[Result "1-0"]
[WhiteElo "2370"]
[BlackElo "2360"]
[PlyCount "82"]
[EventDate "1992.??.??"]

1. e4 e6 2. d4 d5 3. Nc3 Bb4 4. exd5 exd5 5. Bd3 Nc6 6. a3 Bxc3+ 7. bxc3 Be6 8.
Qf3 Qd7 9. Ne2 O-O-O 10. O-O Nge7 11. h3 h6 12. Nf4 Bf5 13. a4 g5 14. Nh5 Bxd3
15. cxd3 f5 16. Re1 Rdf8 17. Ba3 Rhg8 18. Bxe7 Nxe7 19. Qe2 Rf7 20. Qe5 Rg6 21.
g3 f4 22. g4 a5 23. c4 b6 24. c5 Kb7 25. Rac1 Nc6 26. Qh8 Re6 27. cxb6 cxb6 28.
Kf1 Rfe7 29. Rxe6 Qxe6 30. Qf6 Qxf6 31. Nxf6 Nb4 32. Re1 Rxe1+ 33. Kxe1 Nxd3+
34. Ke2 Nb2 35. Kd2 Nxa4 36. Kc2 Ka6 37. Ng8 b5 38. Nxh6 b4 39. Nf7 Kb5 40.
Nxg5 Kc4 41. Nf3 b3+ 1-0